000 00285nam a2200121Ia 4500
008 220216s9999 xx 000 0 und d
100 _aKpolo D Mapri
245 0 _aCote dIvoire major NR producer
260 _bRubber Asia
_c1999
300 _a73-75
650 _aCameroon
942 _cJS
999 _c56449
_d56449